Elementary number theory
Uloženo v:
| Hlavní autoři: | , |
|---|---|
| Médium: | Kniha |
| Jazyk: | angličtina |
| Vydáno: |
Londres
Springer
1998
|
| Vydání: | 1a. ed |
| Edice: | Springer Undergraduate Mathematics Series
|
| Témata: | |
| Tagy: |
Přidat tag
Žádné tagy, Buďte první, kdo vytvoří štítek k tomuto záznamu!
|
MARC
| LEADER | 00000cam a2200000 a 4500 | ||
|---|---|---|---|
| 001 | UCE0333 | ||
| 003 | CL-VaPUC | ||
| 008 | 140116e19980000uk |||||||||||||||||eng|d | ||
| 020 | |a 3540761977 | ||
| 082 | 0 | 4 | |a 512.7 |b JON |2 21 |
| 100 | 0 | |a Jones, Gareth A |e author |9 572694 | |
| 700 | 0 | |a Jones, J. Mary |e author |9 572695 | |
| 245 | 1 | 0 | |a Elementary number theory |
| 250 | |a 1a. ed | ||
| 300 | |a 301 p | ||
| 942 | |c BK | ||
| 945 | |d 20140116 11:53:00 |a cmena | ||
| 260 | |a Londres |b Springer |c 1998 | ||
| 650 | 0 | |a Teoría de números |9 265327 | |
| 650 | 7 | |a DIVISIBILIDAD |2 CL-VaPUC |9 392261 | |
| 650 | 7 | |a NUMEROS PRIMOS |2 CL-VaPUC |9 270336 | |
| 650 | 7 | |a CONGRUENCIAS |2 CL-VaPUC |9 371998 | |
| 650 | 0 | |a Funciones (Matemáticas) |9 338128 | |
| 650 | 7 | |a RESIDUOS CUADRATICOS |2 CL-VaPUC |9 427731 | |
| 650 | 7 | |a FUNCIONES ARITMETICAS |2 CL-VaPUC |9 371322 | |
| 583 | |a last modification |c 20140116 11:53:00 |k Rodrigo Vera | ||
| 490 | 0 | |a Springer Undergraduate Mathematics Series | |
| 999 | |c 354502 |d 354500 | ||
| 952 | |0 0 |1 0 |3 erb |4 0 |6 512_700000000000000_JON_1998 |7 0 |8 A |9 460437 |a BIBMAT |b BIBMAT |i 5036798 |o 512.7 JON 1998 |p 5036798 |r 2025-01-07 |w 2019-11-23 |y BK |z Catalogado en:20140116 |k MAT | ||